01715nam a2200385 a 4500001001000000003000500010005001700015008004100032010001100073011001100084040000900095090001000104100004700114245019800161260004100359500006000400502008600460590004100546590004100587590004000628590004000668590004000708610005000748650004300798650003200841650003300873650004500906856007000951901000701021942001001028942000601038999001901044952013101063952013501194000113203CHAP20220329144343.0170516s2016 mx sm |||||||spa d a109664 a110636 cCHAP aTesis1 aTakata Gutierrez, Martín Satoshi913221210aElaboración de resoluciones-títulos de concesión para explotar, usar o aprovechar aguas nacionales y/o bienes públicos inherentesh[En línea]cpor Martín Satoshi Takate Gutiérrez. aChapingo, Méx. :bEl autor,c2016. aPara ver el contenido del material haga clic en la liga aTesis (Ing. Agroindustrial ) -- UACH. Departamento de Ingeniería Agroindustrial aBATCH-UPDb05c20170516lUCH01h0940 aE11695DGDb10c20170517lUCH01h1009 aE5765TAJb05c20170516lUCH01h0939 aE5765TAJb05c20170516lUCH01h0940 aE5765TAJb05c20170516lUCH01h094004aComisión Nacional del Agua. México92581014aAguaxAprovechamientoxMéxico.9229714aAguaxConservación.9231914aAguaxLeyesxMéxico.9238714aAguas juridiccionaleszMéxico.9132213 aFinding aiduhttp://10.13.5.2/tesis/sist113203.pdfzTeclea aquí aBK cTESIS n0 c109664d109664 00104054718TESISaBCbBCd2017-05-16fTESISl0oTesisp113205-10r2019-12-31 00:00:00w2019-12-31yTESISzRecien adquirido 00102local4053708TESISaBCbBCcPA_TESISd2017-05-16fTESISl0oTesisp113205-20r2019-12-31 00:00:00tc.2w2019-12-31yTESIS